Carpal bones - Statistics

General Stats
  • This quiz has been taken 25 times
  • The average score is 7 of 8
Answers on the Map
Answers color-coded by a green-red scale on the quiz's map according to % correct below.
 
Answer Stats
Answer % Correct
lunate
91%
scaphoid
91%
hamate
82%
pisiform
82%
trapezium
82%
trapezoid
82%
capitate
73%
triquetrum
73%
No matching quizzes found
Score Distribution
Percent of People with Each Score
Percentile by Number Answered
Your Score History
You have not taken this quiz